It looks like you're offline.
Open Library logo
additional options menu

MARC Record from Library of Congress

Record ID marc_loc_2016/BooksAll.2016.part02.utf8:46328534:1373
Source Library of Congress
Download Link /show-records/marc_loc_2016/BooksAll.2016.part02.utf8:46328534:1373?format=raw

LEADER: 01373cam a2200313 a 4500
001 07006443
003 DLC
005 20060209091128.0
008 771017s1768 pau 000 0 eng
010 $a 07006443
040 $aDLC$cDLC$dDLC$edcrb
043 $ae-uk---$an------$an-us---
050 00 $aE215.5$b.D541
100 1 $aDickinson, John,$d1732-1808.
245 10 $aLetters from a farmer in Pennsylvania, to the inhabitants of the British colonies.
260 $aPhiladelphia :$bPrinted by David Hall, and William Sellers,$c1768.
300 $a71, [1] p. ;$c18 cm. (8vo)
500 $aLetters signed: A farmer. Attributed to John Dickinson. The letters were first published in the Pennsylvania chronicle, December 2, 1767-February 15, 1768. Cf. ESTC.
510 4 $aEvans$c10875
500 $aSignatures: A-I⁴.
561 $aLC copy has bookplate: Force Collection.$5DLC
651 0 $aUnited States$xHistory$yRevolution, 1775-1783$xCauses.
651 0 $aGreat Britain$xColonies$zAmerica$vEarly works to 1800.
700 1 $aHall, David,$d1714-1772,$eprinter.
700 1 $aSellers, William,$d1725?-1804,$eprinter.
700 1 $aForce, Peter,$d1790-1868,$eformer owner.$5DLC
710 2 $aAmerican Imprint Collection (Library of Congress)$5DLC
730 0 $aPennsylvania chronicle, and universal advertiser.
752 $aUnited States$bPennsylvania$dPhiladelphia.